| 000 -LEADER |
| fixed length control field |
01421 a2200301 4500 |
| 003 - CONTROL NUMBER IDENTIFIER |
| control field |
Nust |
| 005 - DATE AND TIME OF LATEST TRANSACTION |
| control field |
20170207152517.0 |
| 010 ## - LIBRARY OF CONGRESS CONTROL NUMBER |
| LC control number |
2004302046 |
| 020 ## - INTERNATIONAL STANDARD BOOK NUMBER |
| International Standard Book Number |
0471671703 |
| 035 ## - SYSTEM CONTROL NUMBER |
| System control number |
(OCoLC)ocm56078130 |
| 040 ## - CATALOGING SOURCE |
| Transcribing agency |
Nust |
| 082 04 - DEWEY DECIMAL CLASSIFICATION NUMBER |
| Classification number |
621.3827 |
| 100 1# - MAIN ENTRY--PERSONAL NAME |
| Personal name |
Zheng, Jun, |
| 245 10 - TITLE STATEMENT |
| Title |
Optical WDM networks : |
| Remainder of title |
concepts and design principles / |
| Statement of responsibility, etc. |
Jun Zheng, Hussein T. Mouftah. |
| 260 ## - PUBLICATION, DISTRIBUTION, ETC. |
| Place of publication, distribution, etc. |
[Piscataway, NJ] : |
| Name of publisher, distributor, etc. |
IEEE Press ; |
| Place of publication, distribution, etc. |
Hoboken, NJ : |
| Name of publisher, distributor, etc. |
Wiley-Interscience, |
| Date of publication, distribution, etc. |
c2004. |
| 300 ## - PHYSICAL DESCRIPTION |
| Extent |
xv, 290 p. : |
| Other physical details |
ill. ; |
| Dimensions |
25 cm. |
| 505 ## - FORMATTED CONTENTS NOTE |
| Formatted contents note |
Introduction (Page-1), Fundamentals of WDM Networks Devices (Page-23), Routing and Wavelength Assignment (Page-45),Virtual Topology Design (Page-89), Distributed Lightpath Establishment (Page-131), Optical Layer Survivability (Page-165),IP over WDM (Page-211), Future Trands in Optical Networks (Page-251), |
| 538 ## - SYSTEM DETAILS NOTE |
| System details note |
Almirah No.27 Shelf No.2 |
| 650 #0 - SUBJECT ADDED ENTRY--TOPICAL TERM |
| Topical term or geographic name entry element |
Fiber optics. |
| 650 #0 - SUBJECT ADDED ENTRY--TOPICAL TERM |
| Topical term or geographic name entry element |
Multiplexing. |
| 650 #0 - SUBJECT ADDED ENTRY--TOPICAL TERM |
| Topical term or geographic name entry element |
Optical communications. |
| 650 #0 - SUBJECT ADDED ENTRY--TOPICAL TERM |
| Topical term or geographic name entry element |
Routers (Computer networks) |
| 650 #0 - SUBJECT ADDED ENTRY--TOPICAL TERM |
| Topical term or geographic name entry element |
Wavelength division multiplexing. |
| 700 1# - ADDED ENTRY--PERSONAL NAME |
| Personal name |
Mouftah, Hussein T. |
| 856 42 - ELECTRONIC LOCATION AND ACCESS |
| Materials specified |
Contributor biographical information |
| Uniform Resource Identifier |
<a href="http://www.loc.gov/catdir/enhancements/fy0620/2004302046-b.html">http://www.loc.gov/catdir/enhancements/fy0620/2004302046-b.html</a> |
| 856 42 - ELECTRONIC LOCATION AND ACCESS |
| Materials specified |
Publisher description |
| Uniform Resource Identifier |
<a href="http://www.loc.gov/catdir/enhancements/fy0620/2004302046-d.html">http://www.loc.gov/catdir/enhancements/fy0620/2004302046-d.html</a> |
| 856 42 - ELECTRONIC LOCATION AND ACCESS |
| Materials specified |
Table of contents only |
| Uniform Resource Identifier |
<a href="http://www.loc.gov/catdir/enhancements/fy0620/2004302046-t.html">http://www.loc.gov/catdir/enhancements/fy0620/2004302046-t.html</a> |
| 942 ## - ADDED ENTRY ELEMENTS (KOHA) |
| Koha item type |
Reference |